Discurso y trabajo de incorporación del Dr. Tomás Liscano como individuo de número de la Academia / (Record no. 92945)

MARC details
000 -LEADER
campo de control de longitud fija 00693nam a2200181 i 4500
001 - NÚMERO DE CONTROL
campo de control 92945
003 - IDENTIFICADOR DE NÚMERO DE CONTROL
campo de control ES-MaACL
005 - FECHA Y HORA DE LA ÚLTIMA TRANSACCIÓN
campo de control 20230906181107.0
007 - CAMPO FIJO DE DESCRIPCIÓN FÍSICA--INFORMACIÓN GENERAL
campo de control de longitud fija t|
008 - DATOS DE LONGITUD FIJA--INFORMACIÓN GENERAL
campo de control de longitud fija 050331s1935 ve ||||1| spa d
100 1# - ENTRADA PRINCIPAL--NOMBRE DE PERSONA
Nombre de persona Liscano, Tomás.
9 (RLIN) 72534
245 10 - MENCIÓN DEL TÍTULO
Título Discurso y trabajo de incorporación del Dr. Tomás Liscano como individuo de número de la Academia /
Mención de responsabilidad, etc. Tomás Liscano, Discurso de contestación del Académico Dr. Alejandro Urbaneja.
260 ## - PUBLICACIÓN, DISTRIBUCIÓN, ETC.
Lugar de publicación, distribución, etc. Caracas :
Nombre del editor, distribuidor, etc. [s.n.] Escuela de Artes y Oficios,
Fecha de publicación, distribución, etc. 1935.
300 ## - DESCRIPCIÓN FÍSICA
Extensión 40 p. ;
Dimensiones 23 cm.
700 1# - ENTRADA AGREGADA--NOMBRE PERSONAL
Nombre de persona Urbaneja, Alejandro.
9 (RLIN) 112068
710 1# - ENTRADA AGREGADA--NOMBRE DE ENTIDAD CORPORATIVA
Nombre de entidad corporativa o nombre de jurisdicción como elemento de entrada Academia de Ciencias Políticas y Sociales (Caracas)
9 (RLIN) 1173
852 ## - LOCALIZACIÓN
Ubicación ES-MaACL
Número de control de estantería 1807-F-15
Holdings
Estatus retirado Estado de pérdida Estado de daño No para préstamo Colección Biblioteca de origen Biblioteca actual Ubicación en estantería Fecha de adquisición Fuente de adquisición Total de préstamos Signatura topográfica completa Código de barras Visto por última vez Precio de reemplazo Tipo de ítem Koha
        Colección de folletos Biblioteca del Ateneo de Madrid Biblioteca del Ateneo de Madrid Depósito folletos 17/01/2008     1807-F-15 1097028 23/02/2023 23/02/2023 Folleto